000
00179 a2200097 4500
020
_a
9780590457774
041
_a
spa
100
_a
Lulu Delacre
245
_a
Vejigante
942
_c
BK
999
_c
11947
_d
11947